| 000 | 00771nam a2200193 a 4500 | ||
|---|---|---|---|
| 008 | 060823s2006 ||||||||||||||||| || u | ||
| 050 | _aIBRD(08) | ||
| 100 | _aVentura, Jaume | ||
| 245 | 1 | 4 | _aThe dot-com bubble, the bush deficits, and the U. S. current account |
| 260 |
_aWashington, D. C. _bWorld Bank _c2006 |
||
| 300 | _a46p.: ill. | ||
| 350 | _a0.00 | ||
| 490 | _aWorld Bank policy research working papers | ||
| 650 | _aINVESTMENTS, FOREIGN--RESAERCH--UNITED STATES | ||
| 650 | 0 | _aECONOMICS | |
| 650 | _aCURRENT ACCOUNT DEFICIT--RESEARCH--UNITED STATES | ||
| 700 | _aKraay, Aart | ||
| 995 |
_D0.00 _FCBU-MAIN LIBRARY (Kitwe) _H1 _I0.00 _M1 _UAVAILABLE _WAug 23, 2006 _ZInternational Publications |
||
| 999 |
_c40465 _d40465 |
||